Les jumeaux célèbres (5) - Religions - Statistiques

Statistiques générales
  • Ce quiz a été pris 63 fois
  • Le résultat moyen est 6 sur 20
Statistiques - réponses
Hint Explanation Réponse % Correct
Romulus De Mars et Rhéa Silvia Rémus
67%
Artémis De Zeus et Léto Apollon
65%
Castor De Zeus et Tyndare et Léda Pollux
57%
Xochipilli Mythologie aztèque Xochiquetzal
51%
Freyja De Njord et Nerthus Freyr
47%
Vinill Mythologie germanique Vandill
45%
Hypnos De Nyx Thanatos
39%
Hélène De Zeus et Tyndare et Léda Clytemnestre
31%
Jacob D'Isaac et Rebecca Esaü
31%
Ambri Mythologie germanique Assi
29%
Hunahpu Mythologie maya Ixbalanque
29%
Raos Mythologie germanique Raptos
27%
Hengist Mythologie germanique Horsa
24%
Alexiarès D'Heraclès et Hébé Anicétos
22%
Bélos De Poséidon et Libye Agénor
14%
Nélée De Poséidon et Tyro Pélias
14%
Eole De Poséidon et Arné Béotos
12%
Machaon D'Ascléopios et Epione Podalire
8%
Otos De Poséidon et Iphimédie Ephialtès
4%
Amphion De Zeus et Antiope Zéthos
2%
Aucun quiz correspondant
Distribution des résultats
% des personnes avec chaque résultat
Percentile par nombre de réponses
Votre historique - résultats
Vous n’avez pas pris ce quiz